| 000 | 01486cam a2200337 4500 | ||
|---|---|---|---|
| 008 | 020816n2002 000 0 eng u | ||
| 020 | _a1842191055 | ||
| 022 | _a14784971 | ||
| 035 | _a(Sirsi) u119357 | ||
| 050 | _a333.337 | ||
| 100 | _aDale, P. | ||
| 245 | _aLand markets and the modern economy | ||
| 260 |
_aLondon _bRICS _c2002 |
||
| 300 |
_a19p. _c30cm. |
||
| 490 | _aRICS Leading Edge Series | ||
| 520 | _aReport stating that modern economies cannot function without land markets that work. This requires developed systems of ownership, land registration, ownership, valuation, planning and management. Many parts of the world lack these crucial ingredients, leading to stunted economies and misdirected resources. Includes case studies of Colombia, Latvia, Thailand and Uganda. | ||
| 650 | _aCOLOMBIA | ||
| 650 | _aLAND MARKETS | ||
| 650 | _aLATVIA | ||
| 650 | _aTHAILAND | ||
| 650 | _aUGANDA | ||
| 690 | _aDEVELOPMENT-SUSTAINABLE | ||
| 700 | _aMahoney, R. | ||
| 700 | _aMcLaren, R. | ||
| 710 |
_aRoyal Institution of Chartered Surveyors _94900 |
||
| 710 |
_aRoyal Institution of Chartered Surveyors _bPlanning and Development Faculty _94351 |
||
| 710 |
_aRoyal Institution of Chartered Surveyors _bGeomatics Faculty _94352 |
||
| 710 |
_aRoyal Institution of Chartered Surveyors _bResidential Property Faculty _94304 |
||
| 856 |
_uhttps://www.rics.org/site/scripts/download_info.aspx?downloadID=3184 _zView the paper on the RICS website... |
||
| 942 | _n0 | ||
| 999 |
_c102289 _d102289 |
||